Countries Closest to Slovenia - Statistics

General Stats
  • This quiz has been taken 1,396 times
  • The average score is 18 of 20
Answer Stats
km country miles % Correct
0 Austria 0
98%
0 Croatia 0
98%
0 Italy 0
98%
118 Germany 73
97%
0 Hungary 0
97%
45 Bosnia and Herzegovina 28
96%
185 Serbia 115
96%
142 Slovakia 88
96%
345 Poland 214
93%
224 Switzerland 139
93%
217 Czechia 135
92%
357 Montenegro 222
92%
186 San Marino 115
91%
283 Romania 176
90%
463 France 287
89%
478 Kosovo 279
89%
406 Vatican City 252
88%
467 Albania 290
87%
299 Liechtenstein 186
84%
468 Ukraine 291
81%
No matching quizzes found
Score Distribution
Percent of People with Each Score
Percentile by Number Answered
Your Score History
You have not taken this quiz